00609cam a22001817i 4500020001800000020001500018040000800033082002600041100002200067245003200089250001900121300004500140500002000185650001500205856006900220856006900289856006900358 a9781133956105 a1133956106 cDLC a330 MOR 1961 A089 Or.1 aBoyes, William J.10aFUNDAMENTALS OF ECONOMICS / aSIXTH EDITION. axxi, 440 pages :billustrations ;c28 cm aIncludes index. 0aEconomics.42uhttps://www.loc.gov/catdir/enhancements/fy1609/2012952326-b.html42uhttps://www.loc.gov/catdir/enhancements/fy1609/2012952326-d.html41uhttps://www.loc.gov/catdir/enhancements/fy1609/2012952326-t.html